000
00308nam a22001217a 4500
082
_a
220 PRO
100
_a
NUMAIR, HASSAN
_9
71544
245
_a
PR-SOF-1325-WEB SHOW-WEB ANALYTICS
260
_a
ISLAMABAD
_b
NSUT COLLEGE OF EME
_c
2013
650
_a
DE-COMP-31
700
_a
DR SHOAB A KHAN
_9
18474
942
_c
CR
999
_c
578004
_d
578004